Statistiques concernant Innervation des muscles du membre supérieur

Cliquez ici pour prendre le quiz!

Statistiques générales

  • Ce quiz a été pris 96 fois
  • Le résultat moyen est 28 sur 40

Statistiques - réponses

MuscleInnervation% Correct
Supinateurnerf radial
85%
Carré pronateurnerf médian
83%
Opposant du 1nerf médian
78%
Extenseur du 2nerf radial
78%
LERCnerf radial
78%
Long EXT du 1nerf radial
78%
Deltoidenerf axillaire
76%
Long fléchisseur du 1nerf médian
76%
Fléchisseur superficiel des doigtsnerf médian
76%
Rond pronateurnerf médian
76%
Extenseur des doigtsnerf radial
76%
CERCnerf radial
76%
EUCnerf radial
76%
Long ABD du 1nerf radial
76%
Court EXT du 1nerf radial
76%
Anconénerf radial
76%
Court fléchisseur du 5nerf ulnaire
76%
Adducteur du 1nerf ulnaire
76%
Court ABD du 1nerf médian
73%
Long palmairenerf médian
73%
FRCnerf médian
73%
Brachial antérieurnerf musculocutané
73%
Biceps brachialnerf musculocutané
73%
Brachio radialnerf radial
73%
Extenseur du 5nerf radial
73%
Infra-épineuxnerf supra scapulaire
73%
Abducteur du 5nerf ulnaire
73%
Triceps brachialnerf radial
71%
Interosseux palmairesnerf ulnaire
71%
Opposant du 5nerf ulnaire
71%
Coraco brachialnerf musculocutané
68%
Subscapulairenerf subscapulaire
68%
Supra-épineuxnerf supra scapulaire
68%
Interosseux dorsauxnerf ulnaire
68%
FUCnerf ulnaire
68%
Lombricauxnerf ulnaire
63%
Petit rondnerf axillaire
61%
Grand Rondnerf du grand rond
44%
Fléchisseur profond des doigtsnerf médian nerf ulnaire
22%
Court fléchisseur du 1nerf médian nerf ulnaire
17%

Distribution des résultats

Percentile par nombre de réponses

% des personnes avec chaque résultat

Votre développement - résultats

Vous n’avez pas pris ce quiz